ბათუმის შოთა რუსთაველის სახელმწიფო უნივერსიტეტის ბიბლიოთეკა

ეკოლოგიური აგროწარმოების სუფვლები. (ბიბ.ჩანაწერი № 34917)

000 -LEADER
fixed length control field 00834nam a2200241Ia 4500
001 - CONTROL NUMBER
control field 744
003 - CONTROL NUMBER IDENTIFIER
control field GE_BSU
008 - FIXED-LENGTH DATA ELEMENTS--GENERAL INFORMATION
fixed length control field 181216s||||||||xx |||||||||||||| ||und||
020 ## - INTERNATIONAL STANDARD BOOK NUMBER
International Standard Book Number 9789994083473
040 ## - CATALOGING SOURCE
Transcribing agency GE_BSU
080 ## - UNIVERSAL DECIMAL CLASSIFICATION NUMBER
Universal Decimal Classification number 336.76(075.8)
100 ## - MAIN ENTRY--PERSONAL NAME
Personal name ჯალაბაძე, ლერი
245 ## - TITLE STATEMENT
Title ეკოლოგიური აგროწარმოების სუფვლები.
260 ## - PUBLICATION, DISTRIBUTION, ETC.
Place of publication, distribution, etc. თბილისი
260 ## - PUBLICATION, DISTRIBUTION, ETC.
Name of publisher, distributor, etc. ,,მწიგნობარი'',
260 ## - PUBLICATION, DISTRIBUTION, ETC.
Date of publication, distribution, etc. 2007
300 ## - PHYSICAL DESCRIPTION
Extent 392 გვ.
653 ## - INDEX TERM--UNCONTROLLED
Uncontrolled term ეკოლოგიური აგროწარმოება
653 ## - INDEX TERM--UNCONTROLLED
Uncontrolled term მცენარეთა დაცვა ავადმყოფობებისაგან
653 ## - INDEX TERM--UNCONTROLLED
Uncontrolled term სახელმძღვანელო
942 ## - ADDED ENTRY ELEMENTS (KOHA)
Koha item type წიგნი
ეგზემპლარები
Withdrawn status Lost status Damaged status Not for loan Date acquired Barcode Date last seen Price effective from Koha item type
        2018-12-17 978 2018-12-17 2018-12-17 წიგნი